000 00950nas a2200301 4500
001 BR0201566
003 BR-BrBNA
005 20231205102821.0
007 ta
008 230509b bl.|||p| |||| 00| 00por d
040 _aBR-BrBNA
_bpor
_cBiblioteca Nacional de Agricultura
041 _a(Pt)
072 _aF08; P34
100 1 _aColozzi-Filho, A.
100 1 _aAndrade, D. de S.
100 1 _aBalota, E.L.
245 1 _aAtividade microbiana em solos cultivados em sistema plantio direto
650 _aPLANTIO DIRETO
650 _aFIXAÇÃO DE NITROGÊNIO
650 _aAMONIFICAÇÃO
650 _aSOLUBILIZAÇÃO
650 _aNITRIFICAÇÃO
650 _aADUBAÇÃO VERDE
650 _aRHIZOBIUM
773 0 _tInforme Agropecuário - Empresa de Pesquisa Agropecuária de Minas Gerais (Brazil)
_xISSN 0100-3364
_g(Jan-Feb 2001), v. 22(208) p. 84-91
_wBR0201566
909 _a202311
_bLúcia
_c55
_dLúcia Elande
942 _2AGRIS
_n0
_cANA
999 _c169493
_d169493